000 01283nam a2200373 i 4500
001 12625
003 KOSZ 005
005 20220728135356.0
008 071019s1968 pl a f 000 0 pol
015 _aPB 1968/2802
040 _aWA N
_cWA N
_dKOSZ 005/RW
_dKOSZ 005/HR
046 _k1968
080 _a336.71(438)
080 _a005.5
100 1 _aKieżun, Witold
_d(1922-2021)
_eAutor
245 1 0 _aDyrektor :
_bz problematyki zarządzania instytucją na przykładzie banku /
_cWitold Kieżun.
260 _aWarszawa :
_b"Książka i Wiedza",
_c1968.
300 _a397, [3] stron :
_berrata ;
_c23 cm.
336 _2rdacontent
_aTekst
_btxt
337 _2rdamedia
_aBez urządzenia pośredniczącego
_bn
338 _2rdacarrier
_aWolumin
_bnc
380 _aKsiążki
388 _a1901-2000
388 _a1945-1989
490 1 _aBiblioteka Nauki o Pracy
504 _aBibliogr. s. [377]-386.
650 4 _aBanki
650 4 _aZarządzanie
658 _aZarządzanie i marketing
710 2 _aSpółdzielnia Wydawniczo-Handlowa "Książka i Wiedza"
_4pbl.
830 0 _aBiblioteka Nauki o Pracy
856 _uhttp://koha.tu.koszalin.pl/cgi-bin/koha/opac-detail.pl?biblionumber=12625
_yKatalog online BPK
942 _2UKD
_cKS
999 _c12625
_d12625